Issues before the 13th Finance Commission: correction of horizontal and vertical imbalances (Record no. 77677)

000 -LEADER
fixed length control field 00535pab a2200193 454500
008 - FIXED-LENGTH DATA ELEMENTS--GENERAL INFORMATION
fixed length control field 180718b2008 xxu||||| |||| 00| 0 eng d
100 ## - MAIN ENTRY--PERSONAL NAME
Personal name Hajra, Kumudini
245 ## - TITLE STATEMENT
Title Issues before the 13th Finance Commission: correction of horizontal and vertical imbalances
260 ## - PUBLICATION, DISTRIBUTION, ETC.
Date of publication, distribution, etc. 2008
300 ## - PHYSICAL DESCRIPTION
Extent p.89-95.
362 ## - DATES OF PUBLICATION AND/OR SEQUENTIAL DESIGNATION
Dates of publication and/or sequential designation 22 Mar
650 ## - SUBJECT ADDED ENTRY--TOPICAL TERM
Topical term or geographic name entry element Public finance - India
650 ## - SUBJECT ADDED ENTRY--TOPICAL TERM
Topical term or geographic name entry element Public finance
700 ## - ADDED ENTRY--PERSONAL NAME
Personal name Gajbhiye, Dhirendra
700 ## - ADDED ENTRY--PERSONAL NAME
Personal name Rakhe P.B.
773 ## - HOST ITEM ENTRY
Main entry heading Economic and Political Weekly
908 ## - PUT COMMAND PARAMETER (RLIN)
Put command parameter N
909 ## -
-- 77677
Holdings
Withdrawn status Lost status Damaged status Not for loan Permanent Location Current Location Date acquired Serial Enumeration / chronology Barcode Date last seen Price effective from Koha item type
        Indian Institute of Public Administration Indian Institute of Public Administration 2018-07-19 Volume no: 43, Issue no: 12-13 AR78137 2018-07-19 2018-07-19 Articles

Powered by Koha